Clinical judgement and decision making in nursing
Salvato in:
| Autore principale: | |
|---|---|
| Natura: | Libro |
| Lingua: | inglese |
| Pubblicazione: |
Sage
2017
|
| Tags: |
Aggiungi Tag
Nessun Tag, puoi essere il primo ad aggiungerne!!
|
MARC
| LEADER | 00000nam a22000007a 4500 | ||
|---|---|---|---|
| 008 | 210122b ||||| |||| 00| 0 eng d | ||
| 020 | |a 978-1-4739-5726-8 | ||
| 100 | |a STANDING, Mooi. | ||
| 245 | |a Clinical judgement and decision making in nursing |c Mooi Standing |e (Transforming nursing practice) |g ix, 238p.: ill. | ||
| 250 | |b 3rd ed. | ||
| 260 | |b Sage |c 2017 |h Thousand Oaks, California: |i 693365 |i 693366 |l RT42 .St1 |m Nursing – Decision making. |m Decision making. |m Nursing care. |m Decision support techniques. |m Evidence-based nursing. |m Nursing theory. | ||
| 500 | |a “It includes references and index”. | ||
| 942 | |a lcc |c BK |e Adeniran, F. A |f 22/01/2021 | ||
| 952 | |0 0 |1 0 |2 lcc |4 0 |6 RT0042 S T1 |7 0 |9 1618 |a HOL |b HE |c QZ |d 2021-01-22 |l 0 |o RT42 .St1 |p 2021-0406 |r 2021-01-22 00:00:00 |w 2021-01-22 |y BK | ||
| 952 | |0 0 |1 0 |2 lcc |4 0 |7 0 |9 1619 |a HOL |b HOL |c QZ |d 2021-01-22 |o RT42 .St1 |p 2021-6181 |r 2021-01-22 00:00:00 |w 2021-01-22 |y BK | ||
| 999 | |c 858 |d 858 | ||